Quantitative methods in economics multiple criteria decision making XVIII : proceedings of the [18th] international scientific conference : 25th may - 27th may 2016, Vrátna, Slovakia
Guardado en:
| Autores Corporativos: | , , |
|---|---|
| Otros Autores: | , , , , |
| Formato: | Libro |
| Lenguaje: | inglés |
| Publicado: |
Bratislava
Letra Interactive
2016
|
| Edición: | 1st ed. |
| Materias: | |
| Etiquetas: |
Sin Etiquetas, Sea el primero en etiquetar este registro!
|
MARC
| LEADER | 00000nam a2200000 4500 | ||
|---|---|---|---|
| 001 | 0217135 | ||
| 005 | 20240502073617.8 | ||
| 020 | |a 978-80-972328-0-1 | ||
| 041 | 0 | |a eng | |
| 044 | |a SK | ||
| 245 | 1 | 0 | |a Quantitative methods in economics |b multiple criteria decision making XVIII : proceedings of the [18th] international scientific conference : 25th may - 27th may 2016, Vrátna, Slovakia |c technical editor: Marian Reiff, Pavel Gežík, web editor: Martin Lukáčik |
| 250 | |a 1st ed. | ||
| 264 | 1 | |a Bratislava |b Letra Interactive |c 2016 | |
| 300 | |a 424 s. [21,2 AH] | ||
| 610 | 2 | 0 | |a metódy kvantitatívne |
| 610 | 2 | 0 | |a modelovanie |
| 610 | 2 | 0 | |a modelovanie matematické |
| 610 | 2 | 0 | |a modely |
| 610 | 2 | 0 | |a modely matematické |
| 610 | 2 | 0 | |a modely stochastické |
| 610 | 2 | 0 | |a modely ekonomicko-matematické |
| 610 | 2 | 0 | |a metódy ekonomicko-matematické |
| 610 | 2 | 0 | |a algoritmy |
| 610 | 2 | 0 | |a analýza štatistická |
| 610 | 2 | 0 | |a systémy dôchodkové |
| 610 | 2 | 0 | |a trh práce |
| 700 | 1 | |a Reiff, Marian, 1978- | |
| 700 | 1 | |a Gežík, Pavel, 1983- | |
| 700 | 1 | |a Lukáčik, Martin, 1974- | |
| 700 | 1 | |a Bartová, Ľubica | |
| 700 | 1 | |a Benkovič, Martin | |
| 110 | 2 | |a Quantitative methods in economics : multiple criteria decision making XVIII. International scientific conference | |
| 710 | 2 | |a Slovenská spoločnosť pre operačný výskum | |
| 710 | 2 | |a Fakulta hospodárskej informatiky EU. Katedra operačného výskumu a ekonometrie | |